The People's voice : (Record no. 2218)

MARC details
000 -LEADER
fixed length control field 00785cam a22002412 4500
001 - CONTROL NUMBER
control field 0000003692
005 - DATE AND TIME OF LATEST TRANSACTION
control field 20151217145740.0
008 - FIXED-LENGTH DATA ELEMENTS--GENERAL INFORMATION
fixed length control field 070514s xx 000 0 eng d
020 ## - INTERNATIONAL STANDARD BOOK NUMBER
International Standard Book Number 9966915206 :
040 ## - CATALOGING SOURCE
Original cataloging agency KABU
Transcribing agency KABU
050 #0 - LIBRARY OF CONGRESS CALL NUMBER
Classification number KSK1734
Item number .P46
245 14 - TITLE STATEMENT
Title The People's voice :
Remainder of title what Kenyans say /
Statement of responsibility, etc. ed. by Winnie V. Mitullah, Lawrence M. Mute, Jackson M. Mwalulu.
260 ## - PUBLICATION, DISTRIBUTION, ETC. (IMPRINT)
Place of publication, distribution, etc. Nairob :
Name of publisher, distributor, etc. Claripresss,
Date of publication, distribution, etc. 1997.
300 ## - PHYSICAL DESCRIPTION
Extent v, 302 p.
650 #0 - SUBJECT ADDED ENTRY--TOPICAL TERM
Topical term or geographic name as entry element Public opinion.
-- 0000153784
651 #0 - SUBJECT ADDED ENTRY--GEOGRAPHIC NAME
Geographic name Kenya
General subdivision Politics and government.
-- 0000149793
700 1# - ADDED ENTRY--PERSONAL NAME
Personal name Mitullah, Winnie V.
-- 0000153221
700 1# - ADDED ENTRY--PERSONAL NAME
Personal name Mute, Lawrence M.
-- 0000153435
700 1# - ADDED ENTRY--PERSONAL NAME
Personal name Mwalulu Jackson M.
-- 0000153785
908 ## - PUT COMMAND PARAMETER (RLIN)
Put command parameter 070514
950 ## - LOCAL HOLDINGS (RLIN)
-- 1
Holdings
Withdrawn status Lost status Source of classification or shelving scheme Not for loan Home library Current library Date acquired Total Checkouts Full call number Barcode Date last seen Date last checked out Price effective from Koha item type
    Library of Congress Classification   Kabarak, Main Campus Kabarak, Main Campus 17/12/2015 6 KSK1734 .P46 007583 11/10/2023 25/09/2023 17/12/2015 General Collection
    Library of Congress Classification   Kabarak, Main Campus Kabarak, Main Campus 17/12/2015 2 KSK1734 .P46 007582 12/10/2023 25/09/2023 17/12/2015 General Collection
    Library of Congress Classification   Kabarak, Main Campus Kabarak, Main Campus 17/12/2015 3 KSK1734 .P46 003806 16/10/2023 25/09/2023 17/12/2015 Africana Collection
Designed with assistance from East African Informatics Ltd